Responses for Show #2888 - Wednesday, March 5, 1997

Missing introductions & prizes.

Contestants

[<< previous game]

Sandy Stephenson, a sales representative merchandiser from New Richmond, Wisconsin

Brad Rosenstein, a radio producer originally from Miami, Florida

Jim Diggins, a legal editor from South Euclid, Ohio (whose 2-day cash winnings total $13,601)

[next game >>]

Jeopardy! Round responses

MYTHOLOGY
TV INITIALS
MUSEUMS
ANIMALS
GAMBLING
FRENCH WORDS & PHRASES
    $100 4
Hercules

Sandy
    $100 2
ER

Brad
    $100 11
Galileo

Jim
    $100 18
a jellyfish

Jim
    $100 10
bingo

Brad
    $100 1
mother & father

Brad
    $200 5
Romulus

Jim
    $200 3
NYPD Blue

Sandy
    $200 22
Mozart

Jim
    $200 19
bamboo

Jim
    $200 12
Monaco

Jim
    $200 27
c'est la vie

Brad
    $300 6
centaurs

Brad
    $300 7
WKRP

Brad
    $300 23
Liverpool

Jim
    $300 20
(Brad: What is a yellow snake?)

the coral snake

Brad
Triple Stumper
    $300 13
poker

Brad
    $300 28
an apéritif

Brad
    $400 14
the Pleiades

Jim
    $400 8
L.A. Law

Triple Stumper
    $400 24
B'nai B'rith

Jim
    $400 21
a mandrill

Brad
    $400 16
blackjack

Jim
    $400 29
pince-nez

Brad
    $500 15
(Jim: Who is Venus?)

Minerva

Jim
    $500 9
The F.B.I.

Jim
    $500 25
Connecticut

Sandy
    $500 26
a cat

Sandy
    $500 17
(Brad: What is a croupier?)

the shooter

Brad
Triple Stumper
    $500 30
haute cuisine

Jim

Scores at the first commercial break (after clue 15):

Jim Brad Sandy
$900 $1,200 $300

Scores at the end of the Jeopardy! Round:

Jim Brad Sandy
$3,000 $1,700 $1,300

Double Jeopardy! Round responses

NEW ENGLAND
CLASSIC NOVELS
ART CLASS
20th CENTURY HISTORY
POTPOURRI
HUSBANDS & WIFE
(Alex: I will give you the names of a number of husbands. You have to identify the one woman who was married to each and every one of those.)
    $200 9
tobacco

Triple Stumper
    $200 1
Jane Eyre

Sandy
    $200 15
paintbrushes

Jim
    $200 4
Truman

Jim
    $200 12
the Hanging Gardens

Sandy
    $200 25
Melanie Griffith

Brad
    $400 10
Narragansett Bay

Triple Stumper
    $400 2
Around the World in Eighty Days

Brad
    $400 17
charcoal

Jim
    $400 5
Russia

Jim
    $400 19
Girl Scout cookies

Jim
    $400 26
Geena Davis

Brad
    $600 11
(Alex: A lot of folks in New England are going to be upset with you three.)

Nantucket

Triple Stumper
    $600 3
Thomas Hardy

Jim
    $1,000 18
(Alex: Anything? No?)
(Jim: [No response])
(Alex: You and I are in the same boat. I did not know what that was either. It is [*] in solid form and you dip it in the water and that's how you get the liquid that you use for calligraphy, for example.)

ink

Jim
    $600 6
Fermi

Jim
    $600 20
in wine there is truth

Brad
    $600 27
(Sandy: Who is Pamela Anderson?)

Heather Locklear

Sandy
Triple Stumper
    $800 16
Emerson

Brad
    $800 13
Charles Dickens

Brad
    $800 21
(Sandy: What is linotype?)

lithography

Sandy
Triple Stumper
    $800 7
Ohio

Jim
    $800 23
Pancho Villa

Sandy
    $800 28
Ava Gardner

Brad
    $1000 30
Mount Washington

Jim
    $1,200 14
Melville

Brad
    $1000 22
terrazzo

Brad
    $1000 8
[Applause for Jim's run of the category]

(Valentina) Tereshkova

Jim
    $1000 24
John Bull

Sandy
    $1000 29
Nora Ephron

Sandy

Scores at the end of the Double Jeopardy! Round:

Jim Brad Sandy
$7,600 $7,900 $3,100

[wagering suggestions for these scores]

Final Jeopardy! Round responses

SHAKESPEAREAN CHARACTERS
SandyWho is MacDuff?
$3,000
JimWho was Duncan?
$1,300
BradWho is Macduff?
$2,000
Malcolm

Final scores:

Jim Brad Sandy
$6,300 $5,900 $100
3-day champion: $19,901 2nd place 3rd place

Game dynamics:

Coryat scores:

Jim Brad Sandy
$9,100 $7,700 $3,100
22 R,
2 W
(including 2 DDs)
19 R
(including 1 DD),
2 W
9 R,
2 W

Combined Coryat: $19,900

[game clues] [game scores] [suggest correction]

Game tape date: 1996-11-20
The J! Archive is created by fans, for fans. Scraping, republication, monetization, and malicious use prohibited; this site may use cookies and collect identifying information. See terms. The Jeopardy! game show and all elements thereof, including but not limited to copyright and trademark thereto, are the property of Jeopardy Productions, Inc. and are protected under law. This website is not affiliated with, sponsored by, or operated by Jeopardy Productions, Inc. Join the discussion at JBoard.tv.